000 004980000a22001810004500
020 _a1-56063-590-8
041 0 _aSPA
082 0 4 _aG 269.209 G2289p
100 1 _aGarduño, Silva Pablo
245 1 0 _aPasión que consume : Vida y ministerio de Alberto Mottesi / Pablo Garduño Silva
260 _aMiami, FL., USA : Unilit
300 _a317 Pag
001 8149
942 _cBK
999 _c38342
_d38342
336 _atexto
_btxt
_2rdacontent
337 _2rdamedia
_asin mediación
_bn
338 _2rdacarrier
_avolumen
_bnc